000 00718nam a2200241Ia 4500
003 GCL
008 140319s9999 xx 000 0 ara d
040 _aGCL /
_cGCL
082 0 4 _aق
_b962.064
_bم ث
100 1 _aمصطفى بكرى
245 1 0 _aثورة الابن: اسرار ووثائق قضية تنظيم ثورة مصر /
_cمصطفى بكرى
260 _a[S.N] :
_bكتاب الحرية ،
_c1988
300 _a300 ص
490 _a
650 0 4 _aالعصر الحديث
650 0 4 _aمصر
650 0 4 _aالمخابرات
650 0 4 _aاسرائيل
650 0 4 _aالجرائم السياسية
650 0 4 _aالتاريخ
650 0 4 _aجمال عبدالناصر
942 _2ddc
_cBK
999 _c51392
_d51392